Influence of carbon black on reinforcement and gamma radiation resistance of EPDM/CSM and CR/CSM rubber blends (Record no. 61188)

MARC details
000 -LEADER
fixed length control field 00454nam a2200145Ia 4500
100 ## - MAIN ENTRY--AUTHOR NAME
Personal name Markovic G
245 #0 - TITLE STATEMENT
Title Influence of carbon black on reinforcement and gamma radiation resistance of EPDM/CSM and CR/CSM rubber blends
260 ## - PUBLICATION, DISTRIBUTION, ETC. (IMPRINT)
Name of publisher Kautschuk Gummi Kunststoffe
Year of publication 2009
300 ## - PHYSICAL DESCRIPTION
Number of Pages 299-305
700 ## - ADDED ENTRY--PERSONAL NAME
Personal name Budinski-Simendic J
700 ## - ADDED ENTRY--PERSONAL NAME
Personal name Devic S
700 ## - ADDED ENTRY--PERSONAL NAME
Personal name Marinovic-Clinncovic M
942 ## - ADDED ENTRY ELEMENTS (KOHA)
Koha item type Journals
Holdings
Withdrawn status Lost status Damaged status Not for loan Home library Current library Shelving location Date acquired Serial Enumeration / chronology Koha item type
      Journals RRII Library RRII Library Rubber technology 15/07/2009 Volume 62, Issue 6 Journals